Mathematics and Computation in Music : Third International Conference, MCM 2011, Paris, France, June 15-17, 2011. Proceedings /

Gardado en:
Detalles Bibliográficos
Autor Principal: Carlos Agon, Moreno Andreatta, Gérard Assayag, Emmanuel Amiot, Jean Bresson, John Mandereau (edición)
Formato: Libro
Idioma:inglés
Publicado: Berlín, Alemania : Springer, 2011, c2011
Series:(Lecture Notes in Computer Science)
Acceso en liña:Ver documento en línea
Etiquetas: Engadir etiqueta
Sen Etiquetas, Sexa o primeiro en etiquetar este rexistro!

MARC

LEADER 00000nam^a22000000a04500
001 000611168
009 20260413095638.184
020 |a 978-3-642-21590-2 
022 |a 1611-3349 
037 |a Acervo ITESO - Biblioteca 
041 |a ING 
082 |a Libro en línea 
100 |a Carlos Agon, Moreno Andreatta, Gérard Assayag, Emmanuel Amiot, Jean Bresson, John Mandereau  |e (edición) 
245 |a Mathematics and Computation in Music :  |b Third International Conference, MCM 2011, Paris, France, June 15-17, 2011. Proceedings / 
264 4 |a Berlín, Alemania :  |b Springer,  |c 2011, c2011 
264 2 |a Cham, Suiza :  |b Springer Link [distribución],  |c 2025 
300 |a 1 libro electrónico en línea (XV, 375 p.) 
300 |a 1 recurso en línea 
336 |a datos para computadora  |b cod  |2 rdacontenido 
337 |a computadora  |b c  |2 rdamedio 
338 |a recurso en línea  |b cr  |2 rdasoporte 
440 |a (Lecture Notes in Computer Science) 
506 0 |a Licencias ilimitadas 
567 |a Catalogación rápida 
649 |a XX 
856 4 0 |u https://link-springer-com.ezproxy.iteso.mx/10.1007/978-3-642-21590-2  |y Ver documento en línea 
910 |a Fondo General 
920 |a Electrónicos - Libros en Línea 
930 |a Plataforma Digital 
905 |a 205 
902 |a https://opac.biblio.iteso.mx/vufind/Record/000611168